<?xml version="1.0" encoding="UTF-8"?>
<marc:record xmlns:marc="http://www.loc.gov/MARC21/slim">
   <marc:leader>00000nam a2200000 a 4500</marc:leader>
   <marc:datafield ind1="0" ind2="0" tag="245">
      <marc:subfield code="a">Birdy - Kreativ-Tonie</marc:subfield>
   </marc:datafield>
   <marc:datafield ind1="0" ind2="0" tag="245">
      <marc:subfield code="b">Hörbuch ab 3 Jahren</marc:subfield>
   </marc:datafield>
   <marc:datafield ind1=" " ind2="1" tag="264">
      <marc:subfield code="a">Düsseldorf</marc:subfield>
      <marc:subfield code="b">Boxine GmbH</marc:subfield>
   </marc:datafield>
   <marc:datafield ind1="1" ind2=" " tag="520">
      <marc:subfield code="a">Aus unserer Bilderbuchzeitschrift GECKO &#xD;
&#xD;
Tonie-Box Lied Hör gut zu&#xD;
Mops Mopster Gecko Nummer 101&#xD;
Mein Mensch und die Kletten Gecko Nummer 101&#xD;
Tonie-Box Lied auf englisch Hey hear it too&#xD;
Wischmops und Schalange Gecko Nummer102&#xD;
Glühwürmchen Gecko Nummer 102&#xD;
Licht aus, Augen auf!&#xD;
Tonie-Box Lied auf französisch&#xD;
Juri tauscht&#xD;
Brauner Bär und Kieselschwein N105&#xD;
Aus Wald mach neu N105&#xD;
Landleben Geckodicht N105&#xD;
Hör gut zu&#xD;
N111 Pia und die Seifentiere&#xD;
N111 Winterschlafmittel&#xD;
N111 Pia und die Seifentiere&#xD;
Hör gut zu</marc:subfield>
   </marc:datafield>
   <marc:datafield ind1="3" ind2=" " tag="024">
      <marc:subfield code="a">4251192101549</marc:subfield>
   </marc:datafield>
   <marc:datafield ind1=" " ind2=" " tag="041">
      <marc:subfield code="a">ger</marc:subfield>
   </marc:datafield>
   <marc:datafield ind1="1" ind2=" " tag="521">
      <marc:subfield code="a">Kind und Jugendliche</marc:subfield>
   </marc:datafield>
   <marc:datafield ind1=" " ind2=" " tag="338">
      <marc:subfield code="a">Gegenstand</marc:subfield>
   </marc:datafield>
   <marc:datafield ind1=" " ind2=" " tag="300">
      <marc:subfield code="a">1 Figur (rosa Prinzessin mit goldener Krone und grünem Vögelchen in der Hand) ; 1 Booklet</marc:subfield>
   </marc:datafield>
</marc:record>
